Procreación humana asistida: aspectos técnicos, éticos y legales

Đã lưu trong:
Chi tiết về thư mục
Tác giả chính: Gafo Fernández, Javier (Tác giả)
Định dạng: Sách
Ngôn ngữ:Tiếng Tây Ban Nha
Được phát hành: Madrid Universidad Pontificia Comillas 1998
Loạt:Dilemas Eticos de la Medicina Actual, 11
Những chủ đề:
Các nhãn: Thêm thẻ
Không có thẻ, Là người đầu tiên thẻ bản ghi này!

MARC

LEADER 00000nam a2200000 a 4500
001 UCO5340
003 CL-VaPUC
008 000901e19980000SP |||||||||||||||||spa|d
082 0 4 |a 176  |b GAF  |2 21 
100 |a Gafo Fernández, Javier  |e author  |9 480650 
245 1 0 |a Procreación humana asistida: aspectos técnicos, éticos y legales 
300 |a 232 p 
942 |c BK 
945 |d 20000901 00:00:00  |a vberengu 
260 |a Madrid  |b Universidad Pontificia Comillas  |c 1998 
650 0 |a Derecho a la vida  |9 337220 
650 0 |a Etica y derecho  |9 341370 
650 0 |a Inseminación artificial  |9 338967 
650 0 |a Reproducción asistida  |9 441978 
583 |a last modification  |c 20000901 00:00:00  |k Rodrigo Vera 
490 0 |a Dilemas Eticos de la Medicina Actual, 11 
999 |c 291234  |d 291232 
952 |0 0  |1 0  |4 0  |6 176_000000000000000_GAF_1998  |7 0  |8 DER_TF  |9 341030  |a BIBDER  |b BIBDER  |d 2019-11-20  |i 3647412  |o 176 GAF 1998  |p 3647412  |r 2023-01-25  |w 2019-11-20  |x Ubicación 4to Piso  |y BK  |z Estos recursos deben solicitarse con anticipación  |k DER